000 00696nam a2200205 a 4500
005 20251105063857.0
008 030404m19911998mx r 000 0 spa d
020 _a9684367856
035 _aUPN01000123610
049 _aF
050 4 _aLB1028.35
_bA4.2
100 1 _aAlto Vargas, María Esther del
_934648
245 1 4 _aLos argonítas y la tecnología educativa /
_cMaría Esther del Alto Vargas, Laura Ruiz Velasco.
260 _aMéxico :
_bProgreso,
_c1991 (1998 impr.).
300 _a48 p. :
_bprincipalmente il.
650 4 _aTecnología educativa
_94978
650 4 _aTiras cómicas, historietas, etc. en la educación
_99773
700 1 _aRuiz Velasco, Laura,
_ecoaut.
905 _aLibro
999 _c95789
_d95789